NEW TECHNOLOGIES FOR HUMAN RIGHTS LAW AND PRACTICE (Record no. 216870)

MARC details
000 -LEADER
fixed length control field 00533nam a22001697a 4500
008 - FIXED-LENGTH DATA ELEMENTS--GENERAL INFORMATION
fixed length control field 260325b |||||||| |||| 00| 0 eng d
020 ## - INTERNATIONAL STANDARD BOOK NUMBER
International Standard Book Number 978-1-107-17963-9
100 ## - MAIN ENTRY--PERSONAL NAME
Personal name LAND, MOLLY K.
245 ## - TITLE STATEMENT
Title NEW TECHNOLOGIES FOR HUMAN RIGHTS LAW AND PRACTICE
260 ## - PUBLICATION, DISTRIBUTION, ETC.
Place of publication, distribution, etc. NEW YORK
Name of publisher, distributor, etc. CAMBRIDGE UNIVERSITY PRESS
Date of publication, distribution, etc. 2018
300 ## - PHYSICAL DESCRIPTION
Extent XIV, 318P.
500 ## - GENERAL NOTE
General note INCLUDES INDEX
650 ## - SUBJECT ADDED ENTRY
Topical term or geographic name entry element 1. HUMAN RIGHTS- ARONSONTECHNOLOGICAL INNOVATIONS - LAWW AND LEGISLATION
700 ## - ADDED ENTRY--PERSONAL NAME
Personal name ARONSON, JAY D.
942 ## - ADDED ENTRY ELEMENTS (KOHA)
Source of classification or shelving scheme Library of Congress Classification
Koha item type Long Loan Book
Holdings
Withdrawn status Lost status Source of classification or shelving scheme Damaged status Not for loan Collection Home library Current library Shelving location Date acquired Inventory number Total checkouts Full call number Barcode Date last seen Copy number Price effective from Koha item type
    Library of Congress Classification     Law Kisii University Library Kisii University Library On Display 03/25/2026 112590   K 3240 .N49 2018 A001365 03/25/2026 3 03/25/2026 Long Loan Book
    Library of Congress Classification     Law Kisii University Library Kisii University Library On Display 03/25/2026 112591   K 3240 .N49 2018 A001364 03/25/2026 4 03/25/2026 Long Loan Book
    Library of Congress Classification     Law Kisii University Library Kisii University Library On Display 03/25/2026 112592   K 3240 .N49 2018 A001363 03/25/2026 5 03/25/2026 Long Loan Book
    Library of Congress Classification     Law Kisii University Library Kisii University Library On Display 03/25/2026 112593   K 3240 .N49 2018 A001362 03/25/2026 6 03/25/2026 Long Loan Book